Quo vadis občanští demokrati?

Bibliographic Details
Main Author: Vogl, Radek (Author)
Format: Article
Language:Czech
PhysicalDescription:Fotogr.
ISSN:1335-9959
Subjects:

MARC

LEADER 00000nab a2200000 a 4500
001 vtls000827811
003 SK-MaSNL
005 20260302162402.0
008 160324c2003 xo 0 cze
015 |a SNBRB2003/03-07857 
035 |a CLN000179466 
040 |a SNKBUCL  |b slo  |c SNKBUCL  |e AACR2 
041 0 |a cze 
044 |a xo  |c SK 
080 |a 329.12(437.1/.2)ODS  |2 1997 
100 1 |a Vogl, Radek  |4 aut  |9 842413 
245 1 0 |a Quo vadis občanští demokrati?  |c Radek Vogl 
300 |b Fotogr. 
610 7 |a Občianska demokratická strana (Česko)  |2 snkbucl  |9 861940 
655 7 |a články z novín a časopisov  |2 snkbucl  |9 267496 
773 0 |x 1335-9959  |t Dimenzie  |g Roč. 3, č. 1 (2003), s. 20-21 
850 |a Slovenská národná knižnica v Martine 
852 |a SNK  |b KIS3GCP 
958 |a CZ 
958 |a RBX 
999 |c 1380021  |d 1381951